Economics and Business Review
Na minha lista:
| Formato: | Periódico |
|---|---|
| Idioma: | inglês |
| Publicado em: |
Poznań
Poznań University of Economics and Business Press
2021
|
| Assuntos: | |
| Tags: |
Sem tags, seja o primeiro a adicionar uma tag!
|
MARC
| LEADER | 00000nas2a2200000 4500 | ||
|---|---|---|---|
| 001 | 0303713 | ||
| 005 | 20240821093142.8 | ||
| 022 | |a 2392-1641 | ||
| 041 | 0 | |a eng | |
| 044 | |a PL | ||
| 245 | 1 | 0 | |a Economics and Business Review |
| 264 | 1 | |a Poznań |b Poznań University of Economics and Business Press |c 2021 | |
| 773 | 0 | |w eu_un_cat*0201742 | |
| 610 | 2 | 0 | |a teórie ekonomické |
| 610 | 2 | 0 | |a veda ekonomická |
| 610 | 2 | 0 | |a integrácia ekonomická medzinárodná |